| 000 | 00871nam a22002177a 4500 | ||
|---|---|---|---|
| 999 |
_c4944 _d4944 |
||
| 003 | AR-CdUCM | ||
| 008 | 190311b ||||| |||| 00| 0 spa d | ||
| 040 |
_aMUNICIPALIDAD PROVINCIAL DEL CUSCO _cBIBLIOTECA MUNICIPAL DEL CUSCO |
||
| 082 |
_a329.192 / _bB15 |
||
| 100 |
_aBaeza Flores, Alberto _915162 |
||
| 245 |
_aHaya de la Torre : _by la revolución constructiva de las Américas / |
||
| 260 |
_aBuenos Aires : _bClaridad, _c1962. |
||
| 300 |
_a205 páginas ; _c20 cm. |
||
| 440 |
_aColección América libre. _nvolumen 1 _915163 |
||
| 505 | _aContenido: Un escenario inmenso y explosivo -- Una llama rebelde y creadora -- Ante Cuba y la traición a una revolución -- Ventana al mundo -- Hay que poner en órbita algo mas que satélites ... | ||
| 650 |
_aPolíticos _931 |
||
| 650 |
_aBiografía _922 |
||
| 650 |
_aPerú _935 |
||
| 942 |
_2ddc _cLIBROS |
||
| 945 | _aachl | ||